Le Chant des Partisans - Paroles - Statistiques

Statistiques générales
  • Ce quiz a été pris 130 fois
  • Le résultat moyen est 132 sur 197
Statistiques - réponses
Paroles % Correct
à
95%
a
95%
c'
94%
C'
94%
l'
94%
le
92%
de
89%
Ami,
87%
Ami
87%
ami
87%
des
85%
et
83%
la
83%
La
83%
noir
83%
corbeaux
82%
sur
82%
est
81%
du
80%
nos
80%
pays
80%
79%
qu'
79%
on
78%
plaines
78%
entends-tu
77%
les
77%
vol
77%
larmes
73%
ouvriers
73%
tu
73%
Ce
72%
ce
72%
enchaîne
72%
paysans,
72%
sang
72%
alarme
71%
partisans,
71%
cris
70%
ennemi
70%
soir
70%
sourds
68%
Ohé
67%
Ohé,
67%
prix
67%
connaîtra
66%
Il
63%
il
63%
au
62%
nous
61%
nous,
61%
sort
58%
qui
57%
tue,
56%
y
56%
fusils,
55%
camarades
54%
pour
54%
gens
53%
mitraille,
53%
grenades
52%
paille
52%
frères
51%
si
51%
Sortez
51%
un
51%
collines,
50%
couteau,
50%
crève
50%
font
50%
lits
50%
ombre
50%
place
50%
rêves
50%
ta
50%
ton
50%
descendez
49%
dynamite
49%
creux
48%
mine,
48%
tueurs,
47%
attention
46%
prisons
46%
vite
46%
barreaux
45%
brisons
45%
fardeau,
45%
Montez
45%
tombes
45%
faim
44%
Ici,
44%
marche
44%
misère
44%
pousse
44%
trousses
44%
Liberté
43%
tuez
43%
dans
42%
fait
41%
soleil
41%
balle
40%
grand
39%
haine
39%
saboteur,
39%
quand
38%
routes
38%
sait
38%
vois-tu,
38%
chacun
37%
écoute
36%
sèchera
36%
Demain
35%
veut,
35%
passe
33%
nuit
32%
compagnons,
29%
Chantez,
19%
Aucun quiz correspondant
Distribution des résultats
% des personnes avec chaque résultat
Percentile par nombre de réponses
Votre historique - résultats
Vous n’avez pas pris ce quiz